000 01018nam0a22002651 4500
001 rc\2205683
005 20110829165548.1
035 _a(NLR Aleph) 006617445
090 _a7413387
_c7413387
100 _a20110829d1978 |||y0rusy50 ca
101 0 _arus
102 _aRU
105 _ay z |||||
200 1 _aПедагогическая пропаганда
_eМетод. пособие
_fГл. упр. внутр. дел. Лен. обл. горисполкомов. Упр. уголов. розыска, Метод. центр при Дворце культуры им. Ф.Э. Дзержинского
_g[Разраб. к. п. н., доц. Л.П. Дунаевой]
210 _aЛенинград
_cБ. и.
_d1978
215 _a51 с.
_d20
320 _aБиблиогр.: с. 44-46
333 _aДСП. Экз. № 293
702 1 _aДунаева
_bЛ. П.
_4220
801 0 _aRU
_bNLR
_gpsbo
801 1 _aRU
_bELAR
_2rusmarc
852 _aNLR
_j79-50К/16
899 _aRuMoRGB
_jСХ
942 _cBOOK
980 _aNB